LEADER 01079nam0-22003371i-450- 001 990000779060403321 005 20001010 035 $a000077906 035 $aFED01000077906 035 $a(Aleph)000077906FED01 035 $a000077906 100 $a20001010d--------km-y0itay50------ba 101 0 $aita 105 $ay-------001yy 200 1 $aSuoli, recinti, soglie, coperture$ecategorie concettuali per l'interpretazione del progettoresidenziale$fStefano Panunzi 210 $aRoma$cGangemi$d1994 215 $a79 p.$cill.$d24 cm 225 1 $aUniversita' degli studi, Roma "la Sapienza"$v4 610 0 $aCATEGORIE CONCETTUALI$aprogettazione residenziale 610 0 $aRESIDENZE$acategorie concettuali 610 0 $aPROGETTAZIONE RESIDENZIALE$acategorie concettuali 676 $a728 700 1$aPanunzi,$bStefano$038600 801 0$aIT$bUNINA$gRICA$2UNIMARC 901 $aBK 912 $a990000779060403321 952 $aARCH B 1364$b6081/857$fFARBC 959 $aFARBC 996 $aSuoli, recinti, soglie, coperture$9351230 997 $aUNINA DB $aING01 LEADER 00959nam0 2200265 i 450 001 VAN0042970 005 20221130011043.238 100 $a20060329d1961 |0itac50 ba 101 $aita 102 $aIT 105 $a|||| ||||| 200 1 $aˆLa ‰trascrizione mobiliare$fFrancesco Silvio Gentile 210 $aNapoli$cJovene$d1961 215 $aVIII, 311 p.$d24 cm 606 $aTrascrizione mobiliare$3VANC016943$2FI 620 $dNapoli$3VANL000005 676 $a333.34$v21 700 1$aGentile$bFrancesco Silvio$3VANV035092$0227397 712 $aJovene$3VANV107888$4650 801 $aIT$bSOL$c20221202$gRICA 899 $aBIBLIOTECA DEL DIPARTIMENTO DI GIURISPRUDENZA$1IT-CE0105$2VAN00 912 $aVAN0042970 950 $aBIBLIOTECA DEL DIPARTIMENTO DI GIURISPRUDENZA$d00CONS XV.Ed.226 $e00FP 28492 20061023 Fondo Raffaele Papa 996 $aTrascrizione mobiliare$9689537 997 $aUNISOB